| 000 | 00455nam a2200181Ia 4500 | ||
|---|---|---|---|
| 008 | 230524s9999 xx 000 0 und d | ||
| 020 | _a8122000274 | ||
| 082 |
_a621.4021 _bRAO |
||
| 100 | _aV.S.P.Rao | ||
| 245 | 0 | _aOrganisational Theory and Behaviour | |
| 250 | _a2ND | ||
| 260 |
_aNEW DELHI _bKonark _c2000 |
||
| 300 | _aXIX;764 | ||
| 500 | _aQuantity Number: 20 | ||
| 650 | _aOrganisational Behaviour | ||
| 700 | _a P.S. Narayana | ||
| 942 | _cBK | ||
| 999 |
_c19715 _d19715 |
||